书目信息 |
| 题名: |
多媒体信息处理与检索技术
|
|
| 作者: | 朱学芳 著 | |
| 分册: | ||
| 出版信息: | 北京 电子工业出版社 2002.11 |
|
| 页数: | 170页 | |
| 开本: | 26cm | |
| 丛书名: | ||
| 单 册: | ||
| 中图分类: | TP391 | |
| 科图分类: | ||
| 主题词: | 计算机应用 | |
| 电子资源: | ||
| ISBN: | 7-5053-8309-4 | |
| 000 | 00571nam0 2200193 45 | |
| 001 | 0433702452 | |
| 005 | 2004091609214245 | |
| 010 | @a7-5053-8309-4@d25.00CNY | |
| 100 | @a20040916d2002 km y0chiy0120 ea | |
| 101 | 0 | @achi |
| 102 | @aCN@b110000 | |
| 200 | 1 | @a多媒体信息处理与检索技术@ADuo Mei Ti Xin Xi Chu Li Yu Jian Suo Ji Shu@f朱学芳著@FZhu Xue Fang Zhu |
| 210 | @a北京@c电子工业出版社@d2002.11 | |
| 215 | @a170页@d26cm | |
| 606 | 0 | @a计算机应用 |
| 690 | @aTP391@v3 | |
| 701 | 0 | @a朱学芳@AZhu Xue Fang@4著 |
| 801 | 0 | @aCN@bPFT@c20040916 |
| 905 | @a安徽大学@dTP391@eZ881 | |
| 多媒体信息处理与检索技术/朱学芳著.-北京:电子工业出版社,2002.11 |
| 170页;26cm |
| ISBN 7-5053-8309-4:25.00CNY |
| ● |
| 相关链接 |
|
|
|
正题名:多媒体信息处理与检索技术
索取号:TP391/Z881
 
预约/预借
| 序号 | 登录号 | 条形码 | 馆藏地/架位号 | 状态 | 备注 |
| 1 | 393944 | 203939444 | 期刊室512/301自科库 60排4列1层/ [索取号:TP391/Z881] | 在馆 | |
| 2 | 393945 | 203939453 | 期刊室512/301自科库 60排4列1层/ [索取号:TP391/Z881] | 在馆 |